00330pab a2200133 454500008004000000100001800040245004400058260000900102300001300111362001100124650001300135700002800148773002000176180718b2009 xxu||||| |||| 00| 0 eng d aParthiban, S. aM-learning: a novel avenue to erudition c2009 ap.16-19. a30 Nov aLearning aRaja, B. William Dharma aUniversity News